000
00311nam a2200133Ia 4500
005
20251222175924.0
008
251222s9999||||xx |||||||||||||| ||spa||
082
_a
813.54/T95
100
_a
Turow, Scott
245
0
_a
El Peso de la Prueba
250
_a
1ra.ed.
264
_b
CĂrculo de Lectores
942
_c
LIB
999
_c
40786
_d
40786